000 00569nam a22001937a 4500
005 20260311165025.0
008 260311b |||||||| |||| 00| 0 eng d
020 _a9780273718130
050 _aHG2974
_b.C375 CAS
100 _aCasu Barbara
245 _aIntroduction to Banking/
_cBarbara Casu, Claudia Girardone & Philip Molyneux
250 _a2nd Ed.
260 _aHarlow
_bPearson Education Limited
_c2015
500 _aIncludes Index
650 _2Banking and Finance
700 _aGirardone Claudia
700 _aMolyneux Philip
942 _2lcc
_cBK
_e2nd Ed.
_n0
999 _c8942
_d8942